Island countries - Statistics

General Stats
  • This quiz has been taken 17 times
    9 since last reset
  • The average score is 35 of 46
Answer Stats
Answer % Correct
Antigua and Barbuda
100%
Fiji
100%
Haiti
100%
Iceland
100%
Ireland
100%
Japan
100%
Saint Lucia
100%
Tonga
100%
Bahamas
86%
Barbados
86%
Cuba
86%
Cyprus
86%
Dominica
86%
Great Britain
86%
Indonesia
86%
Jamaica
86%
Malta
86%
Saint Kitts and Nevis
86%
Saint Vincent and the Grenadines
86%
Singapore
86%
Sri Lanka
86%
Taiwan
86%
Brunei
71%
Grenada
71%
Kiribati
71%
Maldives
71%
Marshall Islands
71%
Micronesia
71%
New Zealand
71%
Philippines
71%
São Tomé and Príncipe
71%
Seychelles
71%
Trinidad and Tobago
71%
Tuvalu
71%
Vanuatu
71%
Bahrain
57%
Cape Verde
57%
Dominican Republic
57%
East Timor
57%
Madagascar
57%
Mauritius
57%
Nauru
57%
Palau
57%
Samoa
57%
Solomon Islands
57%
Comoros
43%
No matching quizzes found
Score Distribution
Percent of People with Each Score
Percentile by Number Answered
Your Score History
You have not taken this quiz since the last reset